| 000 | 01093nam a22002537a 4500 | ||
|---|---|---|---|
| 999 |
_c10262 _d10262 |
||
| 003 | AR-CdUCM | ||
| 008 | 190329b ||||| |||| 00| 0 spa d | ||
| 040 |
_aMUNICIPALIDAD PROVINCIAL DEL CUSCO _cBIBLIOTECA MUNICIPAL DEL CUSCO |
||
| 082 |
_aC / 306.0985 / _bD63 |
||
| 100 |
_aDeustua, José _927015 |
||
| 245 |
_aIntelectuales Indigenismo y Descentralismo en el Perú : _b1897 - 1931 / |
||
| 260 |
_aCusco : _bBartolome de las Casas, _c1984. |
||
| 300 |
_a132 páginas ; _bmapas plegables, cuadros, gráficos, _c23 cm. |
||
| 440 |
_aDebates Andinos. _n4 _927016 |
||
| 505 | _aContenido: Expansión Cultural e intelectualidad Regional: Perú 1900 - 1930 -- El centro científico del Cusco, 1897 - 1907 -- Indigenistas y movimientos campesinos en el Cusco, 1918 - 1923 -- Los descentralistas Arequipeños y la crisis política de 1931. | ||
| 650 |
_aHistoria social _92972 |
||
| 650 |
_aRegionalismo _95410 |
||
| 650 |
_aVida intelectual _96195 |
||
| 650 |
_aPerú _935 |
||
| 650 |
_aSiglo XX _98 |
||
| 700 |
_aRénique, José Luis (coautor) _927017 |
||
| 942 |
_2ddc _cLIBROS |
||
| 945 | _aachl | ||